| 000 | 01168nac a22003377a 4500 | ||
|---|---|---|---|
| 001 | BR9402915 | ||
| 003 | BR-BrBNA | ||
| 005 | 20240105121542.0 | ||
| 008 | 230509b bl.|||m| |||| 00| 0 por d | ||
| 040 |
_aBR-BrBNA _bpor _cBiblioteca Nacional de Agricultura |
||
| 072 | _aF30 | ||
| 090 | _a1112 BR9402915 | ||
| 100 | 1 | _aDantas, J.L.L. | |
| 100 | 1 | _aShepherd, K. | |
| 100 | 1 | _aSoares Filho, W. dos S. | |
| 100 | 1 | _aCordeiro, Z.J.M. | |
| 100 | 1 | _aSilva, S. de O. e | |
| 100 | 1 | _aSouza, A. da S. | |
| 110 | 1 | _aCentro Nacional de Pesquisa de Mandioca e Fruticultura Tropical, Cruz das Almas, BA (Brasil) | |
| 245 | 1 | _aCitogenetica e melhoramento genetico da bananeira (Musa spp.) | |
| 260 | 3 |
_aCruz das Almas, BA (Brasil): _c1993. |
|
| 300 | _a61 p. | ||
| 490 |
_aDocumentos - Centro Nacional de Pesquisa de Mandioca e Fruticultura Tropical (Brazil) _vno. 48 _xISSN 0101-7411 |
||
| 500 | _aBibliography p. 56-61 (56 ref.); 6 tables; 7 illus. | ||
| 650 | _aBanana | ||
| 650 | _aCitogenetica Vegetal | ||
| 650 | _aMelhoramento Genetico Vegetal | ||
| 650 | _aGermoplasma | ||
| 909 |
_a202312 _bLúcia Elande _c55 _dLúcia Elande |
||
| 942 |
_2AGRIS _n0 _cMS |
||
| 999 |
_c285972 _d285972 |
||